Alphabet Breadcrumb Trail #2 - Statistics

General Stats
  • This quiz has been taken 8,091 times
    6,484 since last reset
  • The average score is 17 of 26
Answer Stats
Hint Answer % Correct
A Comoros' continent Africa
97%
E Around the World in _____ Days Eighty
96%
B Benelux country Belgium
87%
H Country that rhymes with E Haiti
87%
K W country's national bird Kiwi
84%
T Country in East A Tanzania
82%
W Oceanic capital Wellington
80%
D Animal that Qs Duck
73%
Q Dubious doctor Quack
71%
M K language Māori
70%
X E + 10, to a Roman? XC
68%
I Unguja is Z's largest Island
66%
N Chris C was its state governor New Jersey
66%
O Antonym of N's first half Old
66%
R Common toy D material Rubber
66%
U First word of T's official name United
65%
Z Archipelago belonging to T Zanzibar
59%
V With J, the author of E's clue Verne
57%
J With V, the author of E's clue Jules
56%
P Fictional sleuth from B Poirot
56%
C Author, creator of P Christie
55%
L What an S attaches to Letter
54%
S Philatelist's purchase Stamp
54%
F Worrier; rhymes with L Fretter
44%
Y With O, a Disney dog Yeller
43%
G H's currency Gourde
19%
No matching quizzes found
Score Distribution
Percent of People with Each Score
Percentile by Number Answered
Your Score History
You have not taken this quiz since the last reset